[Event "BAN-chT Golden Jubilee 2021-22"]
[Site "Dhaka"]
[Date "2022.03.15"]
[Round "6.7"]
[White "Aronyak Ghosh"]
[Black "Jabed Al Azad"]
[Result "1-0"]
[WhiteElo "2482"]
[BlackElo "2043"]
[Annotator "TA"]
[PlyCount "89"]
[EventDate "2022.03.10"]
[EventType "team-tourn"]
[EventCountry "BAN"]
[SourceTitle "playchess.com"]
[Source "ChessBase"]
[SourceQuality "1"]

{[%evp 9,89,41,52,23,30,22,75,58,87,80,68,51,78,49,103,114,118,79,146,151,175,163,168,178,188,164,174,172,175,176,171,160,173,181,181,173,205,176,183,170,183,157,204,196,200,198,210,173,200,173,197,170,172,175,244,164,167,103,179,69,410,394,422,458,411,443,450,429,399,416,794,268,578,680,656,652,1208,1141,975,651,29982,29983]} 1. c4 e6 2. Nc3 d5 3. d4 dxc4 4. e4 a6 5. Bxc4 b5 6. Bd3 {D20: Queen's Gambit Accepted: 3 e3 and 3 e4.} Bb7 7. Nf3 Nf6 (7... c5 $1 $11 {remains equal.}) 8. Qe2 $16 {White is better.} Be7 9. O-O Nbd7 10. Rd1 (10. e5 $5 {[%cal Re5f6]} Nd5 11. a4 $14) 10... c5 11. d5 {[#] Threatens to win with dxe6.} e5 $146 (11... O-O $14) ({Predecessor:} 11... exd5 12. e5 Ng8 13. e6 fxe6 14. Qxe6 Qb6 15. Qh3 g6 {1-0 (28) Mekhitarian,K (2543)-Chipanga,C (2153) Batumi 2018}) 12. b3 O-O 13. a4 b4 {[#]} ({Black should try} 13... c4 14. bxc4 b4) 14. Nb1 $1 {[%cal Bc3b1,Bb1d2,Bd2c4][%mdl 32]} Bd6 15. Nbd2 a5 16. Nc4 Qc7 17. Nh4 g6 18. Bg5 Rfe8 19. Qf3 Kg7 20. Qg3 {[%cal Oh4f5]} Kh8 21. Qh3 Bc8 22. Rac1 Ng8 23. Qg3 Ba6 24. Nf3 f6 25. Be3 Ne7 (25... Bxc4 $16 {was necessary.} 26. Bxc4 f5) 26. Qh4 Nc8 27. Nfd2 Rf8 28. f3 Ncb6 29. Rc2 f5 30. Rdc1 $36 {[%mdl 2048] Black is under strong pressure.} f4 31. Bf2 g5 (31... Nxc4 $142 32. Nxc4 Rf7) 32. Qh3 Nxc4 33. Nxc4 (33. Bxc4 $18 Rg8 34. Bxa6 Rxa6 35. Nc4) 33... Rf6 {[#]} (33... Bxc4 $16 {keeps fighting.} 34. Bxc4 (34. Rxc4 Rf6 $16) 34... Rg8) 34. Qh5 ({Better is} 34. Nb2 $1 $18) 34... Rg8 $2 {[%mdl 8192] Loses the game.} (34... Bxc4 $14 35. Rxc4 (35. Bxc4 Rg6 $16) 35... Rg6) 35. Nxd6 $18 {Strongly threatening Nf7+.} Bxd3 36. Ne8 Qd8 {aiming for ...Rfg6.} 37. Nxf6 Nxf6 38. Qf7 Bxc2 39. Rxc2 g4 (39... Nd7 $142 40. Bxc5 g4) 40. Kf1 $2 (40. Bh4 Rg6 41. Rxc5) 40... gxf3 $2 (40... Nd7 41. Qf5 (41. Bxc5 Nxc5 42. Rxc5 gxf3 $11) 41... gxf3) 41. Bh4 ({Weaker is} 41. gxf3 Nd7 42. Qf5 (42. Bxc5 $2 Nxc5 43. Qh5 Rg5 $19) 42... Qc8 $18) 41... Rg6 42. gxf3 {Rg2 would kill now.} Qd6 {[#]} 43. Rxc5 $3 {[%mdl 512] Active counter play!} Qa6+ 44. Rb5 Rh6 {[#]} 45. Ke1 $1 {Weighted Error Value: White=0.37/Black=0.58} 1-0

[Event "BAN-chT Golden Jubilee 2021-22"]
[Site "Dhaka"]
[Date "2022.03.15"]
[Round "6.8"]
[White "Mendonca, Leon Luke"]
[Black "Asif, Mahmud"]
[Result "1-0"]
[WhiteElo "2536"]
[BlackElo "1928"]
[Annotator "TA"]
[PlyCount "49"]
[EventDate "2022.03.10"]
[EventType "team-tourn"]
[EventCountry "BAN"]
[SourceTitle "playchess.com"]
[Source "ChessBase"]
[SourceQuality "1"]

{[%evp 9,49,48,39,27,37,40,39,32,50,34,35,33,15,51,43,49,56,44,62,48,45,68,228,234,365,331,299,290,1280,905,882,860,29981,29974,29987,29980,29980,29981,29979,29980,4986,3514]} 1. d4 Nf6 2. c4 g6 3. h4 h6 4. Nc3 d5 5. cxd5 Nxd5 6. e4 {E60: King's Indian: Unusual lines and Fianchetto Variation without Nc3.} Nxc3 7. bxc3 Bg7 {[%cal Oc7c5]} 8. Nf3 {White is slightly better.} c5 9. Be2 $1 {[%mdl 4] is currently scoring better than 9.Rb1.} Nc6 {[%cal Rc5d4]} 10. d5 {[#]} Bxc3+ $146 ({Predecessor:} 10... Ne5 11. Nxe5 Bxe5 12. O-O Qc7 13. Be3 g5 14. Bb5+ Kf8 15. Qd2 Qa5 16. Rab1 Bxc3 {1-0 (32) Salem,A (2675)-Al Hosani,O (2289) Abu Dhabi 2019}) 11. Bd2 Bxa1 12. Qxa1 Nd4 $1 13. Nxd4 $40 {[%mdl 128] Black needs to defend precisely.} cxd4 14. Qxd4 {White threatens Bb5+ and mate.} f6 15. O-O {[%mdl 1024] White has compensation.} Kf7 $2 {[#] Black cannot hold the game after this.} (15... Qb6 $14 16. Qd3 h5) 16. e5 $1 $18 {[%cal Be4e5,Be5f6][%mdl 32]} h5 (16... Bf5 17. g4 Qb6 18. Qxb6 axb6 19. gxf5) (16... e6 $142) 17. Bc4 {This bishop pair is nice.} Kg7 18. Re1 Rf8 (18... Bf5 19. d6 e6) 19. d6 {Intending exf6+ and mate.} e6 20. Qe3 {[#] Threatening mate with Qh6+.} Rh8 {Prevents Qh6+.} 21. exf6+ Kf8 22. Bxe6 Bxe6 23. Qxe6 Qe8 24. Qe7+ Qxe7 25. Rxe7 {Weighted Error Value: White=0.05 (flawless) /Black=0.73} ({Not} 25. fxe7+ Ke8 $16) 1-0

[Event "BAN-chT Golden Jubilee 2021-22"]
[Site "Dhaka"]
[Date "2022.03.15"]
[Round "6.9"]
[White "Islam, Khandaker Aminul"]
[Black "Abu Sufian, Shakil"]
[Result "1/2-1/2"]
[WhiteElo "2153"]
[BlackElo "2232"]
[Annotator "TA"]
[PlyCount "100"]
[EventDate "2022.03.10"]
[EventType "team-tourn"]
[EventCountry "BAN"]
[SourceTitle "playchess.com"]
[Source "ChessBase"]
[SourceQuality "1"]

{[%evp 10,100,28,30,26,22,27,0,4,0,12,-11,-2,-15,-11,-24,-23,-41,-45,-43,-43,-43,-31,-31,-17,-22,-25,-37,-26,-32,-25,-42,-9,-15,0,-19,-12,-14,-18,-20,0,0,0,0,-3,-4,0,0,0,-4,16,0,0,0,0,-14,15,-14,0,-15,15,18,23,-5,-6,-8,14,-9,0,-19,-8,-29,-29,-29,-29,-30,0,-44,-14,-16,-8,-10,-8,-9,0,0,0,0,0,0,0,0,0]} 1. d4 d5 2. c4 c6 3. Nf3 Nf6 4. e3 Bf5 5. Nc3 a6 6. Qb3 Ra7 {D15: Slav Defence: 4 Nc3 a6 and gambit lines after 4 Nc3 dxc4.} 7. Bd2 e6 8. Be2 h6 9. O-O Nbd7 10. Rfc1 Bd6 11. Be1 O-O 12. Qd1 {[#]} Ra8 $146 ({Predecessor:} 12... Qe7 13. Bd3 Bxd3 14. Qxd3 dxc4 15. Qxc4 e5 16. dxe5 Nxe5 17. Nxe5 Qxe5 18. g3 Raa8 {½-½ (25) Komarov,D (2505)-Hilwani,T (2274) Sharjah 2018}) 13. cxd5 exd5 14. Bd3 Bxd3 15. Qxd3 Re8 16. Nd2 Qe7 17. Nf1 Qe6 18. Rc2 Ne4 (18... a5 {feels hotter.} 19. f3 Nh5 20. Ne2 g6 21. Qb3 Ra7) 19. f3 Nxc3 20. Qxc3 f5 21. Re2 c5 22. Bf2 cxd4 23. Qxd4 Bc5 24. Qd2 Nf6 25. Qd3 Rad8 {[%cal Od5d4] Threatening ...d4!} 26. Rc1 Bb6 {[%cal Od5d4] [#] aiming for ...d4!} 27. Rd2 Ba5 28. Rdc2 Bb6 29. Rd2 Ba5 30. Rdc2 Bb6 31. Rd1 Rd7 32. a3 Kh8 33. Rdc1 Rdd8 34. Rd1 Rd7 35. Ng3 g6 {[%cal Rb6e3]} 36. Nf1 Kh7 37. Qb3 Rg7 38. Qd3 Rd7 39. Rcd2 Rc8 40. Bh4 d4 {[%cal Rd4e3]} 41. Bxf6 Qxf6 42. Kh1 Rcd8 43. Qb3 (43. Ng3 $11) 43... Kg7 44. Ng3 {The position is equal.} h5 45. Ne2 d3 46. Nd4 {Ne6+ is the strong threat.} Bxd4 47. Rxd3 {[%mdl 64] [#] Pin} Re7 $1 48. exd4 Rxd4 49. Rxd4 Qxd4 50. h3 Qe5 {Weighted Error Value: White=0.08 (flawless) /Black=0.08 (flawless)} 1/2-1/2

[Event "BAN-chT Golden Jubilee 2021-22"]
[Site "Dhaka"]
[Date "2022.03.15"]
[Round "6.10"]
[White "Zia, Tahsin Tajwar"]
[Black "Ahmed, Sheikh Nasir"]
[Result "1-0"]
[WhiteElo "2283"]
[BlackElo "2168"]
[Annotator "TA"]
[PlyCount "91"]
[EventDate "2022.03.10"]
[EventType "team-tourn"]
[EventCountry "BAN"]
[SourceTitle "playchess.com"]
[Source "ChessBase"]
[SourceQuality "1"]

{[%evp 11,91,0,6,6,0,0,5,-36,22,-1,14,23,61,48,74,73,100,85,124,119,120,135,144,126,120,95,87,40,99,94,158,94,94,85,105,90,127,97,98,82,82,87,491,106,84,106,156,154,181,121,104,100,102,115,144,53,142,100,100,103,104,104,142,114,169,167,341,347,334,277,1433,1510,1215,1374,1208,1171,1027,977,12838,12838,12837,1998]} 1. d4 Nf6 2. c4 e6 3. g3 d5 4. Bg2 Bb4+ 5. Bd2 Be7 6. Nf3 O-O 7. Qc2 {E11: Bogo-Indian.} c6 {7...Nbd7 might become the main line.} 8. h4 Nbd7 9. Nc3 (9. O-O $11) 9... b6 ({Better is} 9... dxc4 $15 10. O-O b6) 10. Ng5 (10. e4 $5 {[%cal Re4e5]}) 10... Bb7 11. e4 {Black must now prevent e5.} dxe4 12. Ncxe4 Re8 13. O-O-O $1 {[#]} Nf8 $146 ({Predecessor:} 13... h6 14. Nc3 Nf8 15. Nge4 b5 16. Be3 Ng4 17. c5 a5 18. Bf4 a4 19. f3 Nf6 20. Nxf6+ Bxf6 {1-0 (53) Zia,T (2283)-Dibya,D (1923) Dhaka 2022}) 14. Bf4 Nh5 15. Be3 Nf6 16. Nxf6+ Bxf6 17. Be4 {[%cal Re4h7]} g6 18. f4 Qe7 19. h5 (19. Kb1 $16) 19... Red8 (19... Bxg5 $14 20. fxg5 e5 21. hxg6 fxg6) 20. hxg6 fxg6 (20... hxg6 $142 21. Kb1 Bg7) 21. Nf3 (21. c5 $142) 21... c5 $16 22. dxc5 bxc5 23. Ne5 Rdc8 24. Qg2 Rab8 25. Rd2 {White is much more active.} a5 26. Rhd1 Qg7 $2 {[%mdl 8192] [#]} (26... a4 $16 {is tougher.}) 27. Bxb7 $2 (27. Rd7 $1 $18 {[%cal Rd7g7][%mdl 512]} Nxd7 28. Rxd7 Bxe5 29. Rxg7+ Bxg7 30. Bxb7) 27... Rxb7 28. Qe4 Rbc7 (28... a4 $142) 29. Rd6 Ra7 30. Bd2 (30. a4 $18) 30... Bxe5 31. Qxe5 Qxe5 32. fxe5 a4 33. Bg5 (33. Bh6 $16) 33... Kf7 (33... h5 $1 $14) 34. Rf1+ (34. Bh6 $142) 34... Kg7 35. Bf6+ Kg8 36. Kc2 $36 {[%mdl 2048] White is on the roll.} Raa8 37. Rf3 h6 (37... h5 $16 {was necessary.} 38. Bg5 Ra7) 38. g4 $18 {[%cal Bg3g4,Bg4h5][%mdl 32]} Re8 $2 (38... Ra7 {was worth a try.} 39. Rh3 Rh7) 39. Rh3 Kh7 40. Rd2 ({But not} 40. Bg5 Kg8 $18) 40... h5 $2 (40... Kg8 41. Rxh6 Kf7) 41. gxh5 {White is clearly winning.} g5 42. Rg3 Ra7 43. Rxg5 {Threatens to win with Rdg2.} Rf7 44. Rdg2 {aiming for Rg8.} Rc8 45. Rg8 {[%csl Gf6][%cal Rg8h8]} Kh6 46. Bg7+ {Weighted Error Value: White=0.40/Black=0.50} 1-0

[Event "BAN-chT Golden Jubilee 2021-22"]
[Site "Dhaka"]
[Date "2022.03.15"]
[Round "6.12"]
[White "Mitrabha, Guha"]
[Black "Subrota, Biswas"]
[Result "1-0"]
[WhiteElo "2510"]
[BlackElo "2202"]
[Annotator "TA"]
[PlyCount "105"]
[EventDate "2022.03.10"]
[EventType "team-tourn"]
[EventCountry "BAN"]
[SourceTitle "playchess.com"]
[Source "ChessBase"]
[SourceQuality "1"]

{[%evp 9,105,18,20,23,31,16,30,20,29,3,29,29,32,28,28,29,47,43,48,36,69,47,53,68,73,36,25,29,26,18,110,129,114,114,124,105,165,99,202,203,240,212,241,216,211,208,210,208,336,338,343,343,345,335,320,259,341,329,331,331,320,314,277,291,356,330,395,389,554,535,685,620,569,420,1307,1312,1253,1326,1326,1254,1080,986,974,941,860,742,702,598,883,881,772,733,29985,29986,29986,29987,29987,29989]} 1. e4 e5 2. Nf3 Nc6 3. Bc4 Nf6 4. d3 h6 5. O-O d6 6. Nc3 {C55: Two Knights: 4 d3, 4 d4 exd4 5 e5 and Max Lange Attack.} g5 {is now more promising than 6...Bg4.} 7. a4 Bg7 8. Be3 {White has an edge.} O-O {[#]} 9. Kh1 $146 ({Predecessor:} 9. Ne2 d5 10. exd5 Nxd5 11. Ng3 Be6 12. Qe2 Re8 13. Rfe1 Nf4 14. Qf1 Bxc4 15. dxc4 {0-1 (37) Zhigalko,S (2572)-Madaminov,M (2328) Chess.com INT 2021}) 9... Ne7 10. d4 Ng4 11. Bc1 Nc6 {[%cal Re5d4]} 12. dxe5 Ngxe5 13. Nxe5 Nxe5 14. Bb3 Kh7 15. f4 gxf4 16. Bxf4 f5 17. exf5 Bxf5 18. Bxe5 dxe5 19. Bd5 {[%cal Of1f5] And now Rxf5! would win.} c6 {[#]} (19... Kh8 $11) 20. Rxf5 $1 $16 {[%mdl 512] Black is on the road to losing.} cxd5 (20... Rxf5 $2 21. Be4 $18) 21. Rxf8 {White is more active.} Qxf8 22. Qxd5 Kh8 (22... Qb4 $16) 23. Rd1 (23. Ne4 $18) 23... Rb8 (23... Qb4 $16) 24. Ne4 $18 {[%cal Bc3e4,Be4d6,Bd6f5][%mdl 32]} Qf4 25. h3 b6 26. Qd3 Rf8 27. Kg1 Qh4 28. Rf1 Rd8 (28... Qe7 {is a better defense.} 29. b3 Rd8) 29. Nd6 {Black must now prevent Nf7+.} Kg8 30. c3 {Inhibits Qd4+.} ({Worse is} 30. g4 {[#]} Rxd6 $1 31. Qxd6 Qg3+ 32. Kh1 Qxh3+ 33. Kg1 Qg3+ 34. Kh1 Qh3+ 35. Kg1 Qg3+ 36. Kh1 Qh3+ $11) 30... Qe7 31. Qc4+ Kh7 32. Nf5 Qc5+ 33. Qxc5 bxc5 34. Nxg7 Kxg7 {[%mdl 4096] Endgame KR-KR} 35. Rf5 Rd5 36. Kf1 c4 37. Ke2 {Inhibits Rd1.} Kg6 38. g4 a6 (38... Rd3 $142 39. Rxe5 Rxh3) 39. h4 {[%cal Bh3h4,Bh4h5][%mdl 32]} Ra5 40. h5+ Kg7 41. Kd2 Rxa4 (41... Rd5+ $142 42. Ke2 Ra5) 42. Rxe5 Kf6 43. Rc5 Kf7 44. Rc6 Kg7 45. Kc2 Kh7 46. Rc7+ Kg8 47. Kd2 ({Less strong is} 47. Rc6 Kh7 48. Rc5 Kg8 $18) 47... Ra2 48. Rb7 a5 49. Kc2 {White wants to mate with Kb1.} Ra1 50. Rc7 Ra4 51. Kb1 {White mates.} Kh8 52. Rc6 Kg7 53. Rb6 {Weighted Error Value: White=0.14 (very precise) /Black=0.50} 1-0

[Event "BAN-chT Golden Jubilee 2021-22"]
[Site "Dhaka"]
[Date "2022.03.15"]
[Round "6.13"]
[White "Sadnan Hasan, Dihan"]
[Black "Hossain, Showkat Pollab"]
[Result "1-0"]
[WhiteElo "2152"]
[BlackElo "2037"]
[Annotator "TA"]
[PlyCount "163"]
[EventDate "2022.03.10"]
[EventType "team-tourn"]
[EventCountry "BAN"]
[SourceTitle "playchess.com"]
[Source "ChessBase"]
[SourceQuality "1"]

{[%evp 9,163,2,14,0,0,4,3,0,0,0,18,-21,-16,0,-14,-16,5,-37,-39,-35,-29,-30,0,-9,0,-15,-4,-27,-8,-31,-8,-1,-13,-12,0,0,0,0,0,0,0,0,0,0,0,-4,0,-12,0,0,0,0,0,0,18,0,0,0,0,0,0,0,0,-10,0,0,0,0,0,8,8,0,0,0,0,0,0,0,15,6,142,127,134,133,126,95,104,85,69,79,210,201,190,79,183,171,247,70,73,48,81,50,52,25,65,61,60,40,49,18,54,58,58,28,146,75,83,83,337,312,612,598,739,721,705,622,1457,1411,1087,963,29958,29955,5114,4710,29981,0,0,0,29981,29980,29980,29977,29964,29959,29991,29992,29993,29991,29995,29996,29996,29997,29997,29998,29998,29999]} 1. e4 c5 2. Nf3 Nc6 3. Nc3 e5 4. d3 d6 5. g3 Nf6 6. Bg5 {[#] B30: Sicilian: 2...Nc6 3 Bb5, lines without ...g6.} h6 $146 ({Predecessor:} 6... Be7 7. Bg2 Be6 8. O-O h6 9. Bxf6 Bxf6 10. Nd5 h5 11. Nd2 h4 12. Nc4 Bxd5 13. exd5 {½-½ (56) Vrana,F (2317)-Zambor,N (2264) Slovakia 2008}) 7. Bxf6 Qxf6 8. Nd5 {The position is equal.} Qd8 9. c3 Ne7 10. Nxe7 ({Much worse is} 10. Qa4+ Bd7 11. Qb3 Nxd5 12. Qxd5 Rb8 $15) (10. Ne3 {seems wilder.} g6 11. h4 Bg7 12. h5 Rb8 13. Bh3) 10... Bxe7 11. Bg2 O-O 12. O-O Qb6 13. Qb3 (13. Qc2 $11 {is more appropriate.}) 13... Qxb3 $15 14. axb3 a6 15. Nd2 Rb8 16. Nc4 Be6 17. Nd2 g5 18. h3 f5 19. Kh2 Kg7 20. exf5 Bxf5 21. Be4 d5 22. Bxf5 Rxf5 23. Kg2 Rd8 24. Rfe1 Bd6 25. Re2 Bc7 26. Nf1 Rf6 27. Ra3 h5 28. g4 hxg4 29. hxg4 Kg6 30. Ng3 Rf4 31. f3 Re8 32. Nh5 ({But not} 32. Nf5 e4 33. dxe4 dxe4 34. Rxe4 Rexe4 35. fxe4 Rxg4+ 36. Kf3 Rf4+ 37. Ke3 Rf1 38. Ne7+ Kf7 $17) 32... Rff8 33. Ra1 Re6 34. Ng3 Rh8 35. Nf5 e4 36. Kg1 Kf6 37. fxe4 dxe4 38. Rf1 {Nd4+ is the strong threat.} Kg6 39. Rfe1 Rhe8 40. Kg2 Bf4 41. dxe4 Rh8 42. Kg1 Kf6 43. Rd1 Rh7 {Inhibits Rd7.} 44. Rd8 Rf7 (44... b6 $11) 45. e5+ $1 $16 Kg6 46. Rd5 {White is much more active.} b6 47. b4 cxb4 {[#]} 48. Nd4 $1 Re8 49. cxb4 Rc7 (49... Rfe7 $16) 50. Rd6+ $18 Kh7 51. Nf3 ({Resist} 51. Rxb6 Rxe5 52. Rxe5 Rc1+ 53. Kf2 Bxe5 $16) (51. Re6 $18 Rxe6 52. Nxe6) 51... Rb7 (51... b5 $16 {was called for.}) 52. Kg2 Kg7 {[#]} (52... Kg8 $142 53. Rg6+ Kf7 54. Rf6+ Kg7) 53. Rd5 $2 (53. Nd4 $1 $18) 53... Rbe7 $14 54. b3 Kf7 55. Rd6 Re6 {Prevents Rf6+.} 56. Rd4 {[%cal Od4f4]} R6e7 {[%cal Rf4e5]} 57. Rd5 Re6 58. Rd7+ R8e7 59. Rd4 {[%cal Od4f4] And now Rxf4+! would win.} Kg6 {[%cal Rf4e5]} 60. Rd5 Kf7 61. Re4 {[%cal Oe4f4] Strongly threatening Rxf4+!} Kg6 (61... Rc7 $11) 62. b5 ({Better is} 62. Kf2) 62... axb5 $16 63. Rxb5 Rc6 $2 {[%mdl 8192]} (63... Kg7 $16 {is a better defense.}) 64. Nd4 $18 Rc5 $2 (64... Rc3 65. Rxb6+ Kh7) 65. Rxb6+ Kf7 66. e6+ {[%cal Be5e6,Be6e7][%mdl 32]} Kf6 67. Nf5 Rc2+ 68. Kf1 Rc1+ 69. Ke2 Re8 70. e7+ Kf7 71. Ree6 {White wants to mate with Rf6+.} Rc2+ 72. Kd1 Rc1+ $1 73. Ke2 Rc2+ $1 74. Kd3 {White mates.} Rd2+ 75. Kc3 Rc8+ 76. Kb4 Rd5 77. Rf6+ Kg8 78. Rg6+ Kh8 79. Rh6+ Kg8 80. Rbg6+ Kf7 81. Rg7+ Ke8 82. Rh8+ {Weighted Error Value: White=0.15 (very precise) /Black=0.16 (very precise)} 1-0

[Event "BAN-chT Golden Jubilee 2021-22"]
[Site "Dhaka"]
[Date "2022.03.15"]
[Round "6.14"]
[White "Ghosh, Diptayan"]
[Black "Sankalp Gupta"]
[Result "1/2-1/2"]
[WhiteElo "2541"]
[BlackElo "2536"]
[Annotator "TA"]
[PlyCount "51"]
[EventDate "2022.03.10"]
[EventType "team-tourn"]
[EventCountry "BAN"]
[SourceTitle "playchess.com"]
[Source "ChessBase"]
[SourceQuality "1"]

{[%evp 9,51,18,11,8,12,23,20,14,28,22,37,39,54,39,55,53,44,12,67,0,0,0,0,0,0,0,0,0,0,-9,0,-22,0,0,0,0,0,0,67,0,0,-7,84,0]} 1. c4 e5 2. Nc3 Bb4 3. Nd5 Be7 4. d4 exd4 5. Qxd4 Nf6 6. Nxe7 {A21: English Opening: 1...e5 2 Nc3.} Qxe7 7. Bg5 {7.Qe3 is vanishing.} Nc6 8. Qc3 {The position is equal.} d6 {[%cal Of6e4]} 9. Bxf6 {[#]} gxf6 $146 ({Predecessor:} 9... Qxf6 10. Qxf6 gxf6 11. e3 Be6 12. Rc1 Ke7 13. Ne2 Ne5 14. Ng3 Rhg8 15. Be2 c5 {1-0 (33) Afanasiev,N (2548)-Agmanov,Z (2425) Cheliabinsk 2021}) 10. e3 Rg8 11. Ne2 Qe5 12. O-O-O Be6 13. f4 Qh5 (13... Qc5 $11) 14. e4 (14. Qxf6 $14 Bxc4 15. Nc3 (15. Ng3 Qb5 $11) 15... Bxf1 16. Rhxf1) 14... O-O-O $11 15. Nd4 Nxd4 16. Qxd4 Qa5 17. a3 f5 18. exf5 Bxf5 19. g3 Rde8 20. Bd3 Bxd3 (20... Bg4 {keeps more tension.} 21. Rd2 h5 22. Qf6 Rgf8 23. Qg5 Qa6) 21. Qxd3 h5 22. Kb1 Kb8 23. Ka2 Kc8 (23... h4 $11) 24. Kb1 ({Better is} 24. Qh7 $14) 24... Kb8 25. Ka2 Kc8 (25... h4 $11 {remains equal.}) 26. Kb1 {Weighted Error Value: White=0.10 (very precise) /Black=0.24 (precise)} (26. Qh7 $16) 1/2-1/2

[Event "BAN-chT Golden Jubilee 2021-22"]
[Site "Dhaka"]
[Date "2022.03.15"]
[Round "6.15"]
[White "Narayanan, Srinath"]
[Black "Shyam, Sundar M."]
[Result "1/2-1/2"]
[WhiteElo "2553"]
[BlackElo "2528"]
[Annotator "TA"]
[PlyCount "61"]
[EventDate "2022.03.10"]
[EventType "team-tourn"]
[EventCountry "BAN"]
[SourceTitle "playchess.com"]
[Source "ChessBase"]
[SourceQuality "1"]

{[%evp 10,61,38,33,49,35,42,32,43,35,39,32,37,43,46,34,49,50,57,70,85,70,64,77,68,27,22,26,10,12,21,14,21,24,22,30,20,16,25,24,56,85,65,-14,-17,-36,-37,-39,-39,-29,-29,-47,-30,-37]} 1. Nf3 c5 2. c4 g6 3. d4 cxd4 4. Nxd4 Bg7 5. e4 Qb6 6. Nb3 d6 {A40: Unusual replies to 1 d4.} 7. Be3 Qd8 8. Qd2 Nf6 {White is slightly better.} 9. f3 O-O 10. Nc3 Nc6 11. Be2 Be6 12. O-O Rc8 13. Rac1 Re8 14. Nd5 {[#]} h5 $146 ({Predecessor:} 14... Qd7 15. Rfd1 b6 16. Bf1 Qb7 17. Rc2 Nd7 18. Nf4 Nc5 19. Nc1 a5 20. Nxe6 Nxe6 {½-½ (59) Ugrenovic,B (2228)-Gajovic,D (2140) Serbia 2018}) 15. Rfd1 {White is much more active.} Nd7 16. h3 a5 {[%cal Ba7a5,Ba5a4][%mdl 32]} 17. Kh1 (17. Na1 $14) 17... a4 $11 18. Nd4 Bxd4 19. Bxd4 Nxd4 20. Qxd4 Qa5 21. f4 {[%cal Bf3f4,Bf4f5][%mdl 32]} Qc5 22. Qd2 {[%cal Of4f5]} Bxd5 23. exd5 {[%cal Of4f5]} Nf6 {[#] White must now prevent ...Ne4.} 24. Bd3 {Inhibits Ne4. Hoping for f5.} Qd4 25. f5 g5 26. c5 ({White should try} 26. Qxg5+ $14 Kh7 27. Qd2) 26... Rxc5 27. Qxg5+ Kh7 28. Bb5 Rxc1 ({Don't play} 28... Rg8 29. Rxd4 Rxg5 30. Rxc5 dxc5 31. Rxa4 $11) 29. Qxc1 {[#]} (29. Rxc1 $2 {is the wrong capture.} Rg8 30. Qxg8+ Kxg8 $19) 29... Rc8 $1 30. Rxd4 Rxc1+ 31. Kh2 {Weighted Error Value: White=0.10 (very precise) /Black=0.05 (flawless)} 1/2-1/2

[Event "BAN-chT Golden Jubilee 2021-22"]
[Site "Dhaka"]
[Date "2022.03.15"]
[Round "6.17"]
[White "Manon, Reja Neer"]
[Black "Mollah Abdullah, Al Rakib"]
[Result "0-1"]
[WhiteElo "2209"]
[BlackElo "2426"]
[Annotator "TA"]
[PlyCount "92"]
[EventDate "2022.03.10"]
[EventType "team-tourn"]
[EventCountry "BAN"]
[SourceTitle "playchess.com"]
[Source "ChessBase"]
[SourceQuality "1"]

{[%evp 14,92,25,31,44,45,48,41,36,50,45,45,56,52,57,33,39,26,37,15,66,23,141,125,123,61,170,184,177,173,164,168,170,132,123,108,148,63,64,32,200,145,144,156,250,10,9,9,18,0,0,-65,-71,-79,-83,-227,-199,-514,-99,-564,-460,-574,-550,-572,-563,-539,-543,-564,-551,-539,-561,-552,-539,-538,-530,-454,-379,-365,-360,-554,-553]} 1. e4 e5 2. Nf3 d6 3. d4 exd4 4. Nxd4 Nf6 5. Nc3 Be7 6. Be2 O-O 7. O-O Re8 8. Re1 h6 {C41: Philidor Defence.} 9. f4 Bf8 10. Bf3 {[#]} c5 $146 {White is slightly better.} ({Predecessor:} 10... Nbd7 11. Be3 Nc5 12. Bf2 Rb8 13. Bh4 Be7 14. e5 dxe5 15. fxe5 Nfd7 16. Bxe7 Rxe7 {½-½ (39) Yakimkin,I (2086)-Gichurkin,S (2295) Dimitrovgrad 2006}) 11. Nb3 Nc6 {Prevents e5.} 12. Be3 Bd7 13. Bf2 Be6 14. Qd2 a5 15. a4 Qb6 16. Nb5 Rad8 (16... Nb4 $11) 17. Qc3 $1 $14 Ng4 (17... Nb4 $11) 18. Bxg4 $16 Bxg4 19. Nd2 (19. f5 $1 $16) 19... Rd7 ({Black should play} 19... d5 $14) 20. Qg3 $18 f5 21. h3 $36 {[%mdl 2048] White is really pushing.} Bh5 22. exf5 Qd8 23. Rxe8 Bxe8 24. Re1 Bf7 25. Qf3 (25. Ne4 $16) 25... Qf6 $14 26. Ne4 {Pair of Knights!} (26. Qg4 $5 {[%cal Rd2e4]} d5 27. Nf3 $14) 26... Qxb2 ({Better is} 26... Qxf5 $14 27. g4 Qd5) 27. f6 g6 28. h4 d5 {[#]} (28... Qxc2 $2 29. Qg4 d5 30. Qxd7 $18) (28... h5 $16 {keeps fighting.}) 29. Nxc5 $2 (29. Qg4 $1 $18) 29... Bxc5 $11 30. Bxc5 Qxc2 31. Be7 {[%cal Oh4h5] Hoping for h5!} d4 {[%cal Bd5d4,Bd4d3][%mdl 32] aiming for ...d3.} 32. Qg4 (32. h5 $11) 32... Qf5 $15 33. Qxf5 gxf5 34. Bc5 (34. Kf2 $17) 34... d3 $19 35. Nd6 $2 {[#]} (35. Rd1 {is tougher.} b6 36. Bxb6) 35... Bb3 $2 (35... b6 36. Nxf7 bxc5 37. Nxh6+ Kf8 38. Kf2 $19) (35... Rxd6 $1 $19 {[%mdl 512] is more deadly.} 36. Bxd6 Bb3) 36. Re8+ $2 {[%mdl 8192]} (36. f7+ $17 {was the crucial defense.} Rxf7 37. Re8+ (37. Nxf7 $2 d2 $19) 37... Kg7 38. Be3 (38. Nxf7 $2 d2 $19)) 36... Kh7 {Threatens to win with ...d2.} 37. f7 Bxf7 {Strongly threatening ...d2.} 38. Re3 b6 39. Ba3 Nb4 ({Weaker is} 39... d2 40. Rd3 $17) 40. Bxb4 axb4 41. Rxd3 {[%mdl 4096] Endgame KRB-KRN} b3 {( -> ...b2)} 42. Rd2 b2 43. Rxb2 Rxd6 44. Rb5 Be8 45. Rxf5 Bxa4 46. g4 (46. Re5 {was necessary.}) 46... Bd7 {Never resign too early!  Weighted Error Value: White=0.55/Black=0.38} 0-1